000 00556nam a2200097Ia 4500
008 170517s9999 xx 000 0 und d
245 _aHoxsey: How Healing Becomes a Crime
300 _aThis documentary concerns Harry M. Hoxsey, the former coal miner whose family's herbal recipe has brought about claims of a cancer cure. Starting in 1924 with his first clinic, he expanded to 17 states by the mid 1950s, along the way constantly battling organized...
650 _xTechnology.
856 _uhttp://topdocumentaryfilms.com/hoxsey-how-healing-becomes-a-crime/
999 _c335050
_d335050